|
|
|
|
| LEADER |
01183nam a22002657a 4500 |
| 001 |
42676 |
| 003 |
BD-DhAAL |
| 005 |
20240701144216.0 |
| 008 |
240625b2002 maua|||| |||| 00| 0 eng d |
| 020 |
|
|
|a 0072375671
|
| 040 |
|
|
|a BD-DhAAL
|d BD-DhAAL
|
| 082 |
|
|
|a 338.50113
|2 22
|
| 100 |
|
|
|a Thompson, Arthur A.
|
| 245 |
|
|
|a Player's manual for use with the business strategy game :
|b a global industry simulation /
|c Arthur A. Thompson, Jr., Gregory J. Stappenbeck.
|
| 250 |
|
|
|a Seventh edition [Version 7.20].
|
| 264 |
|
|
|a Boston : |b |c
|b McGraw-Hill/Irwin,
|c c2002.
|
| 300 |
|
|
|a iv, 126 pages ;
|c 28 cm.
|
| 541 |
|
|
|a Donation from the Asia Foundation/Savar Campus Library
|e 42676
|
| 650 |
|
|
|a Industrial management
|x Computer simulation.
|9 56572
|
| 650 |
|
|
|a Business
|x Computer simulation.
|9 56573
|
| 650 |
|
|
|a Business
|x Mathematical models.
|9 56574
|
| 700 |
|
|
|a Stappenbeck, Gregory J.
|9 56575
|
| 942 |
|
|
|2 ddc
|c BK
|
| 999 |
|
|
|c 46740
|d 46740
|
| 952 |
|
|
|0 0
|1 0
|2 ddc
|4 0
|6 338_501130000000000_THO
|7 0
|9 75688
|a SCL
|b SCL
|c GEN
|d 2024-06-25
|e Donation from the Asia Foundation/ Savar Campus
|l 0
|o 338.50113 THO
|p 3020042676
|r 2024-06-25
|t 1
|w 2024-06-25
|y BK
|x Donation from the Asia Foundation/ Savar Campus
|